000 00387nam a2200157Ia 4500
005 20250423094733.0
008 250422s9999 xx 000 0 und d
020 _a0- 395- 48144- 9
050 _aHQ 767.9.B84
100 _aDanuta Bukatko
245 0 _aChild development: a topical approach
260 _bHoughton mifflin company
260 _c1992
300 _a802 p
942 _cBK
999 _c28143
_d28143